The Routledge companion to international business coaching (E-BOOK) (Record no. 192879)

000 -LEADER
fixed length control field 01096 a2200337 4500
003 - CONTROL NUMBER IDENTIFIER
control field Nust
005 - DATE AND TIME OF LATEST TRANSACTION
control field 20170207154046.0
010 ## - LIBRARY OF CONGRESS CONTROL NUMBER
LC control number 2008023493
020 ## - INTERNATIONAL STANDARD BOOK NUMBER
International Standard Book Number 0-203-88679-8 (ebook)
020 ## - INTERNATIONAL STANDARD BOOK NUMBER
International Standard Book Number 0-415-45875-7 (hardback)
020 ## - INTERNATIONAL STANDARD BOOK NUMBER
International Standard Book Number 978-0-203-88679-3 (ebook)
020 ## - INTERNATIONAL STANDARD BOOK NUMBER
International Standard Book Number 978-0-415-45875-7 (hardback)
035 ## - SYSTEM CONTROL NUMBER
System control number (OCoLC)ocn231680022
035 ## - SYSTEM CONTROL NUMBER
System control number 15318915
040 ## - CATALOGING SOURCE
Transcribing agency Nust
082 00 - DEWEY DECIMAL CLASSIFICATION NUMBER
Classification number 658.3/124
245 04 - TITLE STATEMENT
Title The Routledge companion to international business coaching (E-BOOK)
Statement of responsibility, etc. edited by Michel C. Moral and Geoffrey Abbott.
260 ## - PUBLICATION, DISTRIBUTION, ETC.
Place of publication, distribution, etc. London ;
-- New York :
Name of publisher, distributor, etc. Routledge,
Date of publication, distribution, etc. 2009.
300 ## - PHYSICAL DESCRIPTION
Extent xxvi, 360 p. :
Other physical details ill. ;
Dimensions 26 cm.
490 1# - SERIES STATEMENT
Series statement Routledge companions
650 #0 - SUBJECT ADDED ENTRY--TOPICAL TERM
Topical term or geographic name entry element Executive coaching.
650 #0 - SUBJECT ADDED ENTRY--TOPICAL TERM
Topical term or geographic name entry element Leadership
650 #0 - SUBJECT ADDED ENTRY--TOPICAL TERM
Topical term or geographic name entry element Ledarskap
650 #0 - SUBJECT ADDED ENTRY--TOPICAL TERM
Topical term or geographic name entry element Mentoring
650 #0 - SUBJECT ADDED ENTRY--TOPICAL TERM
Topical term or geographic name entry element Mentorskap
651 ## - SUBJECT ADDED ENTRY--GEOGRAPHIC NAME
Geographic name The Routledge companion to international business coaching (E-BOOK)
700 1# - ADDED ENTRY--PERSONAL NAME
Personal name Abbott, Geoffrey.
700 1# - ADDED ENTRY--PERSONAL NAME
Personal name Moral, Michel.
830 #0 - SERIES ADDED ENTRY--UNIFORM TITLE
Uniform title Routledge companions.
856 41 - ELECTRONIC LOCATION AND ACCESS
Materials specified Table of contents only
Uniform Resource Identifier <a href="http://www.loc.gov/catdir/toc/ecip0820/2008023493.html">http://www.loc.gov/catdir/toc/ecip0820/2008023493.html</a>
942 ## - ADDED ENTRY ELEMENTS (KOHA)
Source of classification or shelving scheme
Koha item type Book
Holdings
Withdrawn status Lost status Source of classification or shelving scheme Damaged status Not for loan Collection code Permanent Location Current Location Date acquired Total Checkouts Full call number Barcode Date last seen Price effective from Koha item type
            Military College of Signals (MCS) Military College of Signals (MCS) 12/12/2016   297.26 MOR MCSEB-2380 12/08/2016 12/12/2016 Book
© 2023 Central Library, National University of Sciences and Technology. All Rights Reserved.